00374nam a2200145Ia 4500008004100000020001500041041001200056082001600068100002000084245006000104260002500164300000800189650001600197700001500213221030s9999 xx 000 0 und d a0074634429 aEnglish a105.23bVen aK. R. Venugopal 0aProgramming with pascalcby K. R. Venugopal, C. M. Maya bTMHaNew Delhic2001 a528 aBE Computer aC. M. Maya